000 01812cam0 2200397 ib4500
001 BY-MI0003-br141938
005 20250813093235.0
010 ^a978-5-389-06675-5
^bв переплете
100 ^a20250624d2025 c y0rusy50 ca
101 1 ^arus
^cita
102 ^aRU
105 ^aa z 000ay
109 ^ama
200 1 ^aАгата Мистери. Меч короля Шотландии
^e[роман]
^fСтив Стивенсон
^gилюстрации Ст. Туркони
^gперевод с итальянского Е. Даровской
210 ^aСанкт-Петербург
^cАзбука
^cАзбука-Аттикус
^d[2025]
215 ^a123, [2] с.
^cил.
^d22 см
225 1 ^aСерия "Девочка-детектив"
^vкн. 3
333 ^a6+
345 ^92000 экз.
606 ^aХУДОЖЕСТВЕННАЯ ЛИТЕРАТУРА
^3BY-NLB-ar37179
^2DVNLB
606 ^aЗАРУБЕЖНАЯ ЛИТЕРАТУРА
^3BY-NLB-ar10779
^2DVNLB
606 ^aИТАЛЬЯНСКАЯ ЛИТЕРАТУРА
^3BY-NLB-ar12480
^2DVNLB
608 ^aДЕТСКАЯ И ЮНОШЕСКАЯ ЛИТЕРАТУРА (художеств. произведение)
^3BY-NLB-ar9019
^2BYGNR
608 ^aДЕТЕКТИВ (лит. произведение)
^3BY-NLB-ar88485
^2BYGNR
608 ^aРОМАН
^3BY-NLB-ar92012
^2BYGNR
686 ^a84(4Ита)
^2rubbk
690 ^a1
^2Base
^9BY-MI0003
^xRSEK
700 1 ^aСтивенсон
^bС.
^gСтив
702 1 ^aТуркони
^bС.
^gСтефано
^4440
702 1 ^aДаровская
^bЕ.
^gЕкатерина
^3BY-SEK-ar5676870
^4730
801 0 ^aBY
^bBY-MI0003
^c20250624
^gRCR
035 ^a(BY-MI0003)BY-MI0003-br141938
899 0 ^aBY-MI0003
^iС 80
^h84(4Ита) ср.